[Event "6th Asia-ch"]
[Site "Cebu City PHI"]
[Date "2007.09.22"]
[Round "4.26"]
[White "Nguyen Anh Dung"]
[Black "Bagamasbad, Efren"]
[Result "1/2-1/2"]
[WhiteElo "2537"]
[BlackElo "2331"]
[EventDate "2007.09.19"]
[PlyCount "318"]

1.Nf3 c5 2.e4 g6 3.c3 Bg7 4.d4 cxd4 5.cxd4 d5 6.e5 Nc6 7.h3 f6 8.Bb5 Bd7 
9.Bxc6 Bxc6 10.O-O Nh6 11.exf6 exf6 12.Re1+ Kf7 13.Nc3 Re8 14.Rxe8 Qxe8 
15.b4 Qd7 16.Qb3 b6 17.a4 Nf5 18.b5 Bb7 19.a5 Rc8 20.axb6 axb6 21.Ra7 Ra8 
22.Qa2 Rc8 23.Bd2 Ne7 24.Na4 Qc7 25.Bb4 Bf8 26.Qa3 Rd8 27.Bd6 Rxd6 28.Rxb7
Qxb7 29.Qxd6 Nc8 30.Qd8 Kg7 31.Qe8 Bb4 32.Qe6 Ba5 33.g4 Ne7 34.g5 Ng8 35.
gxf6+ Nxf6 36.Ne5 Qc7 37.Qc6 Qxc6 38.Nxc6 Nd7 39.Ne7 Kf6 40.Nxd5+ Ke6 41.
Ne3 Nf6 42.Kg2 Nd5 43.Kf3 Nc7 44.Nc4 Nxb5 45.Ke3 Be1 46.f3 Bg3 47.Naxb6 
Bc7 48.d5+ Kf5 49.Nc8 Bf4+ 50.Kd3 Bb8 51.Ke3 Bf4+ 52.Kd3 Bb8 53.N8b6 Kf4 
54.Nd7 Bc7 55.Nf8 Kxf3 56.Nxh7 Kf4 57.Nf8 Kf5 58.Ne6 Bb8 59.Ne3+ Kf6 60.
Ng4+ Ke7 61.Kc4 Nd6+ 62.Kc5 Ne4+ 63.Kc6 Bg3 64.Ne3 Nf2 65.Ng5 Kf6 66.Nh7+ 
Kg7 67.Ng5 Kf6 68.Nf3 Nxh3 69.d6 Bxd6 70.Kxd6 Nf2 71.Kd5 g5 72.Kd4 g4 73.
Nh4 Kg5 74.Nhg2 Nh3 75.Ke5 Ng1 76.Nf1 Nf3+ 77.Ke4 Nh4 78.Nge3 Nf3 79.Ng3 
Nd2+ 80.Kd3 Nf3 81.Ng2 Nh4 82.Ne4+ Kh5 83.Nf4+ Kh6 84.Kd4 Nf3+ 85.Kd5 g3 
86.Nxg3 Kg5 87.Nd3 Kg4 88.Ne2 Ng5 89.Ke5 Nf3+ 90.Kf6 Nd2 91.Ne5+ Kh3 92.
Kf5 Kg2 93.Kf4 Nf1 94.Nd3 Nh2 95.Nd4 Kh3 96.Ne1 Nf1 97.Ndf3 Nh2 98.Ng5+ 
Kh4 99.Ne4 Kh3 100.Nf2+ Kh4 101.Ng2+ Kh5 102.Ne4 Nf1 103.Kf5 Kh6 104.Kg4 
Nh2+ 105.Kg3 Nf1+ 106.Kf2 Nh2 107.Ne3 Kh5 108.Kg3 Nf1+ 109.Nxf1 Kg6 110.
Kf4 Kf7 111.Ke5 Kg6 112.Ke6 Kh5 113.Kf5 Kh4 114.Ne3 Kh5 115.Ng2 Kh6 116.
Kf6 Kh5 117.Nf2 Kh6 118.Nf4 Kh7 119.Kf7 Kh6 120.Ne4 Kh7 121.Ne6 Kh6 122.
Ng3 Kh7 123.Nf5 Kh8 124.Kg6 Kg8 125.Nh6+ Kh8 126.Nf7+ Kg8 127.Kf6 Kh7 128.
Kg5 Kg8 129.Nd6 Kh7 130.Kh5 Kg8 131.Kg6 Kh8 132.Ng5 Kg8 133.Kf6 Kf8 134.
Nh7+ Kg8 135.Kg6 Kh8 136.Nf7+ Kg8 137.Nfg5 Kh8 138.Nf8 Kg8 139.Nd7 Kh8 
140.Nf7+ Kg8 141.Nfe5 Kh8 142.Kf7 Kh7 143.Nf6+ Kh6 144.Ne4 Kh5 145.Kf6 Kh4
146.Kf5 Kh3 147.Kf4 Kg2 148.Nf3 Kf1 149.Nc3 Kf2 150.Nd4 Ke1 151.Ke3 Kf1 
152.Kf3 Ke1 153.Nb3 Kf1 154.Ne4 Ke1 155.Nf2 Kf1 156.Nd3 Kg1 157.Kg3 Kf1 
158.Nd4 Kg1 159.Ne2+ Kf1 1/2-1/2

[Event "6th Asia-ch"]
[Site "Cebu City PHI"]
[Date "2007.09.22"]
[Round "4.27"]
[White "Tolentino, Rustum"]
[Black "Alavi Sayed, Javad"]
[Result "0-1"]
[WhiteElo "2276"]
[BlackElo "2493"]
[EventDate "2007.09.19"]
[PlyCount "69"]

1.e4 c6 2.Nf3 d5 3.Nc3 Bg4 4.h3 Bh5 5.exd5 cxd5 6.Bb5+ Nc6 7.g4 Bg6 8.Ne5 
Rc8 9.d4 e6 10.h4 f6 11.Bxc6+ bxc6 12.Nxg6 hxg6 13.Qd3 Kf7 14.Bd2 c5 15.h5
gxh5 16.Rxh5 Rxh5 17.gxh5 f5 18.Qg3 Nf6 19.Qg6+ Kg8 20.Be3 Qe8 21.O-O-O a6
22.Qxe8 Nxe8 23.Na4 c4 24.Nc5 Bxc5 25.dxc5 Nf6 26.b3 e5 27.f4 exf4 28.Bxf4
Nxh5 29.Be5 Rxc5 30.b4 Rb5 31.c3 f4 32.a4 Rb7 33.Rxd5 f3 34.Kd1 Re7 35.Bb8
0-1

[Event "6th Asia-ch"]
[Site "Cebu City PHI"]
[Date "2007.09.22"]
[Round "4.28"]
[White "Wang Rui"]
[Black "Makinano, Anthony"]
[Result "1-0"]
[WhiteElo "2482"]
[BlackElo "2317"]
[EventDate "2007.09.19"]
[PlyCount "87"]

1.d4 f5 2.g3 Nf6 3.Bg2 e6 4.c4 d5 5.Nf3 c6 6.O-O Bd6 7.b3 Qe7 8.Bb2 b6 9.
Nbd2 Bb7 10.Qc2 Nbd7 11.cxd5 cxd5 12.Rac1 O-O 13.Ne5 Rfc8 14.Qb1 Ba6 15.
Nd3 Ne4 16.Nf3 g5 17.Rxc8+ Rxc8 18.Rc1 Qd8 19.Nfe5 Rc7 20.Rxc7 Qxc7 21.
Nxd7 Qxd7 22.f3 Nf6 23.Qc1 f4 24.Ne5 Bxe5 25.dxe5 Nh5 26.Bf1 Qc8 27.Qd2 h6
28.Kf2 fxg3+ 29.hxg3 Ng7 30.g4 Bb5 31.Bd4 Kh7 32.a4 Ba6 33.a5 bxa5 34.Qxa5
Qb7 35.b4 h5 36.gxh5 Nf5 37.Bc5 d4 38.Bh3 d3 39.exd3 Bxd3 40.Qxa7 Qxa7 41.
Bxa7 Kh6 42.Bf1 Bxf1 43.Kxf1 Kxh5 44.b5 1-0

[Event "6th Asia-ch"]
[Site "Cebu City PHI"]
[Date "2007.09.22"]
[Round "4.29"]
[White "Russell, Majwuana Kankanamge Athula"]
[Black "Kim, Alexey"]
[Result "0-1"]
[WhiteElo "2220"]
[BlackElo "2445"]
[EventDate "2007.09.19"]
[PlyCount "118"]

1.d4 d5 2.c4 e6 3.Nc3 Nf6 4.cxd5 exd5 5.Bg5 Be7 6.e3 c6 7.Bd3 Nbd7 8.Qc2 
Nh5 9.Bxe7 Qxe7 10.O-O-O Nhf6 11.Kb1 Nb6 12.Nge2 Be6 13.Ng3 O-O-O 14.Na4 
Nxa4 15.Qxa4 Kb8 16.Rc1 Nd7 17.Qa5 Qf6 18.Rc3 Nb6 19.Ra3 Nc8 20.Rc1 Rd7 
21.f4 Rc7 22.Qc5 Re8 23.Rb3 g6 24.Qb4 Bd7 25.e4 Qxf4 26.e5 Qh4 27.Ne2 Qf2 
28.Nc3 c5 29.dxc5 Qxc5 30.Qf4 d4 31.e6 Bxe6 32.Ne2 Qd6 33.Rxc7 Qxc7 34.
Qxc7+ Kxc7 35.Rb4 Bd5 36.Nf4 Re1+ 37.Kc2 Bxa2 38.b3 Bb1+ 39.Kd2 Rh1 40.
Rc4+ Kb8 41.h3 Bxd3 42.Nxd3 Rg1 43.Ne1 Rf1 44.Rxd4 Rf2+ 45.Ke3 Rb2 46.Rd3 
a5 47.g4 Ne7 48.Nf3 Nc6 49.Nd2 Kc7 50.g5 Rc2 51.Ne4 b5 52.Nc3 Kb6 53.Ke4 
Rg2 54.Rd5 b4 55.Na4+ Kc7 56.Nc5 Ne7 57.Re5 Nf5 58.Nd3 Rxg5 59.Kf4 Rg3 0-1

[Event "6th Asia-ch"]
[Site "Cebu City PHI"]
[Date "2007.09.22"]
[Round "4.30"]
[White "Girinath, P. D. S."]
[Black "Legaspi, Rhobel"]
[Result "1/2-1/2"]
[WhiteElo "2440"]
[BlackElo "2316"]
[EventDate "2007.09.19"]
[PlyCount "124"]

1.e4 c5 2.Nf3 e6 3.d3 Nc6 4.g3 d5 5.Qe2 Nge7 6.Bg2 g6 7.O-O Bg7 8.c3 b6 9.
Re1 Ba6 10.e5 Qd7 11.Na3 h6 12.h4 Rc8 13.Nc2 Nf5 14.Bf4 O-O 15.Qd2 h5 16.
Bh3 Nce7 17.d4 Rfe8 18.Bg5 Qb5 19.Rad1 Rc7 20.Ne3 cxd4 21.Nxd4 Nxd4 22.
cxd4 Qa5 23.Qxa5 bxa5 24.Rc1 Rec8 25.Rxc7 Rxc7 26.Bxe7 Rxe7 27.Rc1 Rb7 28.
Rc5 Bb5 29.Bf1 Bxf1 30.Kxf1 Rxb2 31.Rxa5 Rb4 32.Rxa7 Rxd4 33.f4 Rd2 34.Ke1
Rh2 35.a4 Bf8 36.Kd1 Bc5 37.Ra8+ Kg7 38.Nc2 Rg2 39.a5 Rxg3 40.a6 Rf3 41.a7
Bxa7 42.Rxa7 Rxf4 43.Ne1 Re4 44.Kc2 Rxh4 45.Nf3 Rg4 46.Kd3 g5 47.Nd4 Kg6 
48.Ra8 h4 49.Nf3 Kg7 50.Ke2 h3 51.Ra1 Rg2+ 52.Ke3 f5 53.Nd4 Kf7 54.Ra7+ 
Kg8 55.Ra8+ Kh7 56.Ra7+ Kh6 57.Nxe6 d4+ 58.Kxd4 h2 59.Nf8 g4 60.Rh7+ Kg5 
61.Ne6+ Kg6 62.Nf8+ Kg5 1/2-1/2

[Event "6th Asia-ch"]
[Site "Cebu City PHI"]
[Date "2007.09.22"]
[Round "4.31"]
[White "Nadera, Barlo"]
[Black "Bayarmandah, Balgan"]
[Result "1/2-1/2"]
[WhiteElo "2402"]
[BlackElo "2208"]
[EventDate "2007.09.19"]
[PlyCount "144"]

1.d4 Nf6 2.c4 e6 3.Nc3 Bb4 4.Qc2 c5 5.dxc5 Bxc5 6.Nf3 Nc6 7.Bg5 h6 8.Bh4 
Be7 9.Rd1 O-O 10.a3 a6 11.e4 Nh5 12.Bxe7 Qxe7 13.Be2 Nf4 14.O-O d6 15.Qd2 
Qf6 16.Qe3 e5 17.Nd5 Nxd5 18.cxd5 Ne7 19.Rc1 Ng6 20.g3 Bh3 21.Rfd1 Rac8 
22.Nd2 Bd7 23.Nc4 Bb5 24.Nb6 Bxe2 25.Qxe2 Rxc1 26.Rxc1 Qd8 27.Qe3 Ne7 28.
a4 f5 29.a5 fxe4 30.Qxe4 Kh8 31.Rc3 Ng8 32.Qg4 Qf6 33.f3 Qf7 34.Kg2 Nf6 
35.Qe6 Qxe6 36.dxe6 Re8 37.Rc8 Kg8 38.f4 exf4 39.gxf4 g6 40.Kf3 Kf8 41.Rc7
Rxe6 42.Rxb7 Re7 43.Rb8+ Re8 44.Rc8 Rxc8 45.Nxc8 d5 46.b4 Ke8 47.b5 Kd8 
48.Nd6 axb5 49.a6 Nd7 50.Nxb5 Kc8 51.Ke3 g5 52.fxg5 hxg5 53.Kd4 Nf6 54.Kc5
g4 55.Nc3 Kb8 56.Nxd5 Nd7+ 57.Kd6 Nf8 58.Ne3 Ka7 59.Nxg4 Ng6 60.Ke6 Kxa6 
61.Kf5 Nh4+ 62.Kf4 Kb6 63.Ne5 Kc5 64.Kg4 Ng2 65.Ng6 Kd6 66.Kf3 Ne1+ 67.Ke2
Nc2 68.Kd3 Nb4+ 69.Ke4 Ke6 70.h4 Kf6 71.Ne5 Na6 72.Nd3 Nc7 1/2-1/2

[Event "6th Asia-ch"]
[Site "Cebu City PHI"]
[Date "2007.09.22"]
[Round "4.32"]
[White "Fancy, Stuart"]
[Black "Goh Weiming"]
[Result "0-1"]
[WhiteElo "2152"]
[BlackElo "2388"]
[EventDate "2007.09.19"]
[PlyCount "64"]

1.Nc3 d5 2.e4 e6 3.Nf3 Nf6 4.exd5 exd5 5.d4 Bg4 6.Bg5 Be7 7.h3 Bh5 8.g4 
Bg6 9.Ne5 c6 10.h4 Nfd7 11.Bxe7 Qxe7 12.h5 Nxe5 13.dxe5 Qxe5+ 14.Qe2 Qxe2+
15.Bxe2 Bxc2 16.Rc1 d4 17.Rxc2 dxc3 18.Rxc3 Nd7 19.Re3+ Kd8 20.Bc4 Rf8 21.
O-O Kc7 22.Re7 Rae8 23.Rfe1 Rxe7 24.Rxe7 Kd6 25.Rxf7 Rxf7 26.Bxf7 Ne5 27.
Bg8 h6 28.f3 Nxf3+ 29.Kf2 Ne5 30.Kg3 Nd3 31.b3 Ke5 32.Bh7 Nc1 0-1

[Event "6th Asia-ch"]
[Site "Cebu City PHI"]
[Date "2007.09.22"]
[Round "4.33"]
[White "Senador, Emmanuel"]
[Black "Rohit, Goginenni"]
[Result "0-1"]
[WhiteElo "2380"]
[BlackElo "2470"]
[EventDate "2007.09.19"]
[PlyCount "90"]

1.e4 c5 2.Na3 Nc6 3.Bb5 Nd4 4.Bc4 e6 5.c3 Nc6 6.Qe2 a6 7.d3 Be7 8.e5 b5 9.
Bb3 Bb7 10.Nf3 d6 11.d4 cxd4 12.cxd4 dxe5 13.dxe5 Bb4+ 14.Bd2 Bxd2+ 15.
Qxd2 Qxd2+ 16.Kxd2 Nge7 17.Rae1 Rd8+ 18.Kc1 Nb4 19.Kb1 Nd3 20.Rd1 Ng6 21.
Bc2 Ngxe5 22.Nxe5 Nxe5 23.Rxd8+ Kxd8 24.Re1 Nd7 25.Be4 Bxe4+ 26.Rxe4 Ke7 
27.Nc2 Nc5 28.Rg4 Rd8 29.Ne3 g6 30.Kc2 h5 31.Rh4 e5 32.f4 Rd4 33.g3 Kd6 
34.fxe5+ Kxe5 35.Rxd4 Kxd4 36.Kd2 Ke4 37.b4 Ne6 38.Ke2 Nd4+ 39.Kf2 Nc6 40.
a3 Ne5 41.Ke2 g5 42.h3 Nc4 43.Nxc4 bxc4 44.h4 gxh4 45.gxh4 f5 0-1

[Event "6th Asia-ch"]
[Site "Cebu City PHI"]
[Date "2007.09.22"]
[Round "4.34"]
[White "Djinh Djuc Trong"]
[Black "Lanka, Ravi"]
[Result "1-0"]
[WhiteElo "2354"]
[BlackElo "2404"]
[EventDate "2007.09.19"]
[PlyCount "99"]

1.Nf3 c5 2.d3 Nc6 3.Nbd2 d5 4.c3 g6 5.e4 Bg7 6.Be2 e5 7.a3 d4 8.cxd4 cxd4 
9.b4 a6 10.O-O Nge7 11.Nb3 O-O 12.Bd2 h6 13.a4 f5 14.exf5 gxf5 15.b5 Nb8 
16.Na5 Nd5 17.Nc4 e4 18.Nfe5 e3 19.Ba5 b6 20.Be1 axb5 21.axb5 Rxa1 22.Qxa1
Nf4 23.Qa2 Bxe5 24.Nxe5+ Be6 25.Qb2 Qg5 26.g3 Nh3+ 27.Kg2 Nf4+ 28.Kg1 
Nxe2+ 29.Qxe2 f4 30.Nf3 Qh5 31.fxe3 Bh3 32.exf4 Bxf1 33.Kxf1 Qxb5 34.Qe6+ 
Kh7 35.Qe7+ Kg8 36.Qe6+ Kh7 37.Ne5 Qe8 38.Qd6 Na6 39.Bf2 Nc5 40.Bxd4 Ne6 
41.Bxb6 Ng7 42.Nd7 Rf7 43.Nf6+ Rxf6 44.Qxf6 Qh5 45.Kg2 Qe2+ 46.Bf2 Qxd3 
47.Qd4 Qc2 48.Kf3 Kg8 49.Qd5+ Kh8 50.Qa8+ 1-0

[Event "6th Asia-ch"]
[Site "Cebu City PHI"]
[Date "2007.09.22"]
[Round "4.36"]
[White "Yueh Wei Po"]
[Black "Bancod, Ronald"]
[Result "0-1"]
[WhiteElo "2044"]
[BlackElo "2373"]
[EventDate "2007.09.19"]
[PlyCount "82"]

1.d4 d5 2.c4 dxc4 3.Nf3 Nf6 4.e3 e6 5.Bxc4 c5 6.O-O Nc6 7.dxc5 Bxc5 8.Nc3 
O-O 9.Qe2 a6 10.Rd1 Qc7 11.a3 b5 12.Ba2 Bb7 13.b4 Bb6 14.Bb2 Rac8 15.Rac1 
Qb8 16.h3 h6 17.Bb1 Ne7 18.Rc2 Ned5 19.Nxd5 Bxd5 20.Rxc8 Rxc8 21.Rc1 Rxc1+
22.Bxc1 Ne4 23.Qc2 f5 24.Bb2 Bc7 25.Nd2 Bh2+ 26.Kf1 Nxf2 27.Qc3 Qg3 28.
Qxg7+ Qxg7 29.Bxg7 Kxg7 30.Kxf2 Be5 31.e4 fxe4 32.Nxe4 Bb2 33.Nc5 a5 34.
Bd3 Bxa3 35.Bxb5 axb4 36.Nd3 b3 37.g4 b2 38.Nxb2 Bxb2 39.Kg3 Be5+ 40.Kh4 
Bf4 41.Kh5 e5 0-1

[Event "6th Asia-ch"]
[Site "Cebu City PHI"]
[Date "2007.09.23"]
[Round "5.1"]
[White "Megaranto, Susanto"]
[Black "Zhao Jun"]
[Result "1/2-1/2"]
[WhiteElo "2554"]
[BlackElo "2558"]
[EventDate "2007.09.19"]
[PlyCount "143"]

1.d4 d5 2.Nf3 Nf6 3.c4 c6 4.Nc3 dxc4 5.a4 Bf5 6.e3 e6 7.Bxc4 Bb4 8.O-O 
Nbd7 9.h3 O-O 10.Nh4 Bg6 11.Nxg6 hxg6 12.Qc2 Qa5 13.Rd1 Rad8 14.Bd2 Nb6 
15.Be2 e5 16.dxe5 Qxe5 17.Ne4 Nbd5 18.Nxf6+ Qxf6 19.Bxb4 Nxb4 20.Qb3 a5 
21.Bc4 g5 22.Rxd8 Rxd8 23.Rd1 Rxd1+ 24.Qxd1 Qe7 25.Qg4 Qd8 26.Qf5 Nd5 27.
g3 g6 28.Qe5 Qe7 29.Qd4 Nf6 30.b3 Ne4 31.g4 Nc5 32.Qc3 b6 33.Qd4 b5 34.
axb5 cxb5 35.Bxb5 Nxb3 36.Qd5 Nc5 37.Qa8+ Kh7 38.Qxa5 Qf6 39.Qa8 Kg7 40.
Qd5 Ne6 41.Bc4 Nd8 42.Bb5 Ne6 43.Kg2 Nc7 44.Qd7 Nxb5 45.Qxb5 Qe7 46.Qd5 
Kh7 47.Kf3 Qf6+ 48.Ke2 Qb2+ 49.Kf1 Qf6 50.Kg1 Kg8 51.Kg2 Qe7 52.Kf1 Qf6 
53.Qd7 Qa1+ 54.Kg2 Qa8+ 55.f3 Qa2+ 56.Kg1 Qb1+ 57.Kf2 Qb2+ 58.Ke1 Qb1+ 59.
Kf2 Qb2+ 60.Ke1 Qe5 61.Kd2 Qh2+ 62.Kd3 Qxh3 63.Qe8+ Kg7 64.Qe5+ Kg8 65.Ke4
Qf1 66.Qxg5 Qc4+ 67.Ke5 Qc5+ 68.Kf4 Qb4+ 69.Kg3 Qe1+ 70.Kg2 Qe2+ 71.Kg3 
Qe1+ 72.Kg2 1/2-1/2

[Event "6th Asia-ch"]
[Site "Cebu City PHI"]
[Date "2007.09.23"]
[Round "5.3"]
[White "Zhou Jianchao"]
[Black "Laylo, Darwin"]
[Result "1/2-1/2"]
[WhiteElo "2572"]
[BlackElo "2486"]
[EventDate "2007.09.19"]
[PlyCount "46"]

1.c4 c5 2.Nf3 Nc6 3.d4 cxd4 4.Nxd4 Nf6 5.g3 g6 6.Bg2 Bg7 7.O-O O-O 8.Nc3 
Nxd4 9.Qxd4 d6 10.Qd3 Bf5 11.e4 Be6 12.Bd2 Rc8 13.b3 a6 14.Rad1 Qc7 15.h3 
Nd7 16.Nd5 Bxd5 17.exd5 Qc5 18.Rc1 Qa3 19.Qb1 b5 20.cxb5 axb5 21.Bg5 Bf6 
22.Bh6 Bg7 23.Bg5 Bf6 1/2-1/2

[Event "6th Asia-ch"]
[Site "Cebu City PHI"]
[Date "2007.09.23"]
[Round "5.4"]
[White "Kunte, Abhijit"]
[Black "Al-Modiahki, Mohamad"]
[Result "1/2-1/2"]
[WhiteElo "2519"]
[BlackElo "2563"]
[EventDate "2007.09.19"]
[PlyCount "98"]

1.d4 Nf6 2.Nf3 g6 3.Bg5 Bg7 4.Nbd2 d6 5.e4 h6 6.Bh4 g5 7.Bg3 Nh5 8.c3 e6 
9.Ng1 Nxg3 10.hxg3 Qe7 11.Bd3 Nc6 12.Ne2 h5 13.f4 Bd7 14.Nf3 gxf4 15.gxf4 
O-O-O 16.Qc2 e5 17.d5 Nb8 18.f5 Bh6 19.Kf2 Rdg8 20.Rh4 Be8 21.Rah1 Nd7 22.
g3 Nf6 23.Qb3 c6 24.Ke1 Kb8 25.c4 Qc7 26.Qb4 cxd5 27.exd5 Rg4 28.Rxg4 Nxg4
29.Nd2 Bd7 30.Rf1 Ne3 31.Rf3 h4 32.gxh4 Ng2+ 33.Kd1 Nxh4 34.Rf2 a5 35.Qc3 
Qb6 36.c5 Qxc5 37.Qxc5 dxc5 38.Nc4 f6 39.Nc3 Rg8 40.Nb6 Rg1+ 41.Kc2 Kc7 
42.Nxd7 Kxd7 43.Kb3 Rg3 44.Bb5+ Kd6 45.Ka4 Rg4+ 46.Kxa5 e4 47.Be2 e3 48.
Bxg4 exf2 49.Ne4+ Kxd5 1/2-1/2

[Event "6th Asia-ch"]
[Site "Cebu City PHI"]
[Date "2007.09.23"]
[Round "5.5"]
[White "Hossain, Enamul"]
[Black "Antonio, Rogelio jr"]
[Result "1/2-1/2"]
[WhiteElo "2485"]
[BlackElo "2532"]
[EventDate "2007.09.19"]
[PlyCount "24"]

1.e4 c6 2.d4 d5 3.Nc3 dxe4 4.Nxe4 Bf5 5.Ng3 Bg6 6.Bc4 e6 7.N1e2 Bd6 8.h4 
h6 9.Nf4 Bxf4 10.Bxf4 Nf6 11.Qd2 Nbd7 12.Bb3 a5 1/2-1/2

[Event "6th Asia-ch"]
[Site "Cebu City PHI"]
[Date "2007.09.23"]
[Round "5.6"]
[White "Gopal, Geetha Narayanan"]
[Black "Li Chao"]
[Result "1-0"]
[WhiteElo "2480"]
[BlackElo "2529"]
[EventDate "2007.09.19"]
[PlyCount "75"]

1.e4 c5 2.Nf3 d6 3.d4 Nf6 4.Nc3 cxd4 5.Nxd4 a6 6.Be3 e5 7.Nb3 Be7 8.Qd2 
O-O 9.O-O-O Be6 10.f4 Ng4 11.g3 Nxe3 12.Qxe3 Nd7 13.Kb1 b5 14.f5 Bc4 15.
Bxc4 bxc4 16.Nd2 Nb6 17.Qe2 Qc7 18.Nf1 Rab8 19.Ne3 Qb7 20.b3 Rfc8 21.Ned5 
Nxd5 22.Nxd5 Bf8 23.Ka1 a5 24.Rb1 c3 25.Rhd1 Rc5 26.f6 Kh8 27.g4 Qd7 28.
Rd3 Rb4 29.Qe3 Rd4 30.h3 Rxd3 31.Qxd3 gxf6 32.Nxf6 Qe6 33.Nd5 Bg7 34.Rd1 
h5 35.gxh5 Qh6 36.Ne7 d5 37.Rg1 Bf6 38.Rg8+ 1-0

[Event "6th Asia-ch"]
[Site "Cebu City PHI"]
[Date "2007.09.23"]
[Round "5.9"]
[White "Filippov, Anton"]
[Black "Xu Jun"]
[Result "1-0"]
[WhiteElo "2481"]
[BlackElo "2574"]
[EventDate "2007.09.19"]
[PlyCount "70"]

1.e4 c5 2.Nf3 d6 3.d4 cxd4 4.Nxd4 Nf6 5.Nc3 a6 6.Be3 e6 7.Be2 Qc7 8.a4 Nc6
9.O-O Be7 10.Nb3 b6 11.f4 O-O 12.Bd3 Bb7 13.Qf3 Nb4 14.Nd4 Nd7 15.Qh3 Nc5 
16.Rad1 Qd7 17.Rf3 Nbxd3 18.cxd3 Bf6 19.b3 Nxb3 20.Nde2 Rac8 21.d4 g6 22.
Bf2 Bg7 23.d5 Nc5 24.f5 exf5 25.exf5 Rce8 26.Qh4 Re5 27.g4 Ne4 28.Bd4 Bf6 
29.Qh6 Ng5 30.Re3 Qe7 31.Bxe5 dxe5 32.d6 Qd8 33.Kf1 Nf3 34.Ne4 Bxe4 35.
Rxe4 Bg5 1-0

[Event "6th Asia-ch"]
[Site "Cebu City PHI"]
[Date "2007.09.23"]
[Round "5.12"]
[White "Neelotpal, Das"]
[Black "Moradiabadi, Elshan"]
[Result "1-0"]
[WhiteElo "2485"]
[BlackElo "2540"]
[EventDate "2007.09.19"]
[PlyCount "71"]

1.e4 e5 2.Nf3 Nc6 3.Bc4 Nf6 4.d3 Be7 5.O-O O-O 6.Re1 d6 7.c3 Na5 8.Bb5 a6 
9.Ba4 b5 10.Bc2 c5 11.Nbd2 Re8 12.Nf1 Bf8 13.d4 cxd4 14.cxd4 exd4 15.Nxd4 
Bb7 16.Ng3 g6 17.b3 Nc6 18.Nxc6 Bxc6 19.Bb2 Bg7 20.Qd2 Ra7 21.Rad1 Rd7 22.
f3 Bb7 23.b4 Nh5 24.Bb3 Bxb2 25.Qxb2 Nf4 26.Ne2 Ne6 27.Nd4 Qg5 28.Qd2 Nf4 
29.g3 Nh3+ 30.Kg2 Qh5 31.Nc2 Ng5 32.Qf4 Ne6 33.Qf6 Bc8 34.Ne3 Nc7 35.Ng4 
Rf8 36.Qc3 1-0

[Event "6th Asia-ch"]
[Site "Cebu City PHI"]
[Date "2007.09.23"]
[Round "5.16"]
[White "Kim, Alexey"]
[Black "Ganguly, Surya Shekhar"]
[Result "1-0"]
[WhiteElo "2445"]
[BlackElo "2586"]
[EventDate "2007.09.19"]
[PlyCount "81"]

1.e4 e6 2.d4 d5 3.Nd2 Nf6 4.e5 Nfd7 5.c3 c5 6.f4 Nc6 7.Ndf3 cxd4 8.cxd4 f5
9.Bd3 Be7 10.Ne2 Nb6 11.a3 Bd7 12.Kf2 Rc8 13.Be3 Na5 14.b3 Na8 15.Bd2 O-O 
16.Rg1 Qb6 17.Bxa5 Qxa5 18.b4 Qb6 19.g4 Bb5 20.Rg3 Nc7 21.Rc1 Qa6 22.Bxb5 
Nxb5 23.gxf5 exf5 24.Qb3 Rxc1 25.Qxd5+ Rf7 26.Nxc1 Nc3 27.Qb3 Ne4+ 28.Kg2 
g5 29.fxg5 Nxg3 30.hxg3 h6 31.g6 Qxg6 32.Ne2 Bg5 33.d5 Kh7 34.d6 Rg7 35.
Qd3 f4 36.Qxg6+ Kxg6 37.gxf4 Bxf4 38.Nxf4+ Kf5+ 39.Kf2 Kxf4 40.e6 Rg3 41.
Nd4 1-0

[Event "6th Asia-ch"]
[Site "Cebu City PHI"]
[Date "2007.09.23"]
[Round "5.17"]
[White "Al-Sayed, Mohamad Naser"]
[Black "Li Shilong"]
[Result "0-1"]
[WhiteElo "2469"]
[BlackElo "2550"]
[EventDate "2007.09.19"]
[PlyCount "70"]

1.e4 c5 2.Nf3 Nc6 3.Bb5 d6 4.c3 Nf6 5.Qe2 Bg4 6.h3 Bxf3 7.Qxf3 Qb6 8.Ba4 
g6 9.Na3 Bg7 10.e5 dxe5 11.Nc4 Qc7 12.Bxc6+ bxc6 13.d3 O-O 14.Be3 Rfd8 15.
Bxc5 Rd5 16.Qe3 Nh5 17.g3 f5 18.Ba3 f4 19.Qf3 fxg3 20.fxg3 Rf8 21.Qe3 e4 
22.O-O-O Nxg3 23.dxe4 Rh5 24.Bd6 Qxd6 25.Nxd6 Bh6 26.Rhe1 exd6 27.Qxh6 
Rxh6 28.Rxd6 Rxh3 29.Rxc6 Rh2 30.Rc7 Rb8 31.Re3 Ne2+ 32.Kb1 Nf4 33.b4 a5 
34.Rf3 Rd8 35.Rf1 Rdd2 0-1

[Event "6th Asia-ch"]
[Site "Cebu City PHI"]
[Date "2007.09.23"]
[Round "5.19"]
[White "Batchuluun, Cegmed"]
[Black "Dimakiling, Oliver"]
[Result "1-0"]
[WhiteElo "2415"]
[BlackElo "2500"]
[EventDate "2007.09.19"]
[PlyCount "131"]

1.d4 d6 2.Nf3 Nd7 3.e4 c6 4.Bd3 e5 5.O-O Be7 6.Re1 Ngf6 7.Nbd2 exd4 8.Nxd4
Ne5 9.Nf1 O-O 10.Bf4 Re8 11.Ng3 Bf8 12.c3 Nfg4 13.h3 Nxd3 14.Qxd3 Ne5 15.
Qd2 c5 16.Ndf5 Be6 17.Red1 Qc7 18.b3 Rad8 19.c4 f6 20.Rac1 g6 21.Ne3 Bg7 
22.Rc3 a6 23.Nd5 Qf7 24.Bxe5 dxe5 25.Rd3 Kh8 26.Qa5 Rc8 27.Rf3 h5 28.Qd2 
Rf8 29.Nb6 Rc7 30.Nd5 Rc6 31.Qc1 Bc8 32.Re1 Kh7 33.Qc2 h4 34.Nf1 f5 35.Nh2
Qe8 36.Ne3 Rcf6 37.Rd1 Kh8 38.Rd5 b6 39.Rd1 Qc6 40.Nd5 R6f7 41.Qd2 Kh7 42.
Qe2 b5 43.Nc3 bxc4 44.bxc4 Be6 45.Nd5 Qa4 46.Nb6 Qa5 47.Rd6 Re8 48.Rb3 
fxe4 49.Ng4 Bxg4 50.hxg4 Bf8 51.Rc6 Rd8 52.Nd5 Qa4 53.Rbb6 Rxd5 54.cxd5 
Qd4 55.Rxg6 Qd3 56.Qe3 Rf4 57.Rgf6 Bg7 58.Rxf4 exf4 59.Qxf4 Qd1+ 60.Kh2 
Qxd5 61.Qf5+ Qxf5 62.gxf5 Bd4 63.Kg1 a5 64.Re6 Kg7 65.Kf1 Bc3 66.Ke2 1-0

[Event "6th Asia-ch"]
[Site "Cebu City PHI"]
[Date "2007.09.23"]
[Round "5.20"]
[White "Bitoon, Richard"]
[Black "Bagheri, Amir"]
[Result "0-1"]
[WhiteElo "2399"]
[BlackElo "2495"]
[EventDate "2007.09.19"]
[PlyCount "142"]

1.e4 c6 2.d4 d5 3.Nc3 dxe4 4.Nxe4 Bf5 5.Ng3 Bg6 6.Bc4 e6 7.N1e2 Qh4 8.Bf4 
Nd7 9.Qd2 h6 10.Bb3 a5 11.a4 Ngf6 12.O-O Bb4 13.c3 Be7 14.Rfe1 Nd5 15.Nf1 
O-O 16.Bg3 Qf6 17.Ne3 Rfc8 18.Nxd5 cxd5 19.Nf4 Bd6 20.Nxg6 Bxg3 21.hxg3 
Qxg6 22.Bc2 Qf6 23.Qd3 g6 24.Qb5 Rc7 25.g4 Kg7 26.Re3 Qf4 27.Bd1 b6 28.g3 
Qd6 29.Bf3 Rh8 30.Qe2 Rc4 31.Qd2 Nf6 32.Kg2 h5 33.gxh5 Nxh5 34.Rh1 Nf6 35.
Rxh8 Kxh8 36.Re1 Kg7 37.Rh1 Ng8 38.Be2 Rc8 39.Qg5 Qe7 40.Qe3 Qf6 41.Rh4 
Ne7 42.Qh6+ Kg8 43.Bd3 Re8 44.Bb5 Rd8 45.Bd3 Re8 46.Qe3 Nc8 47.Qh6 Nd6 48.
Qh7+ Kf8 49.Rf4 Nf5 50.Bxf5 exf5 51.Rf3 Re4 52.Re3 Ke7 53.Qg8 Rxe3 54.fxe3
Qe6 55.Kf2 Qe4 56.Qb8 g5 57.Qc7+ Kf6 58.Qxb6+ Kg7 59.Qd6 Qc2+ 60.Kf1 Qb1+ 
61.Kf2 Qxb2+ 62.Kg1 Qc1+ 63.Kf2 Qc2+ 64.Kf1 Qxa4 65.Qe5+ Kg6 66.Qxd5 Qd1+ 
67.Kf2 Qc2+ 68.Kf1 Qd1+ 69.Kf2 a4 70.Qc6+ Kh5 71.Qd5 Kg4 0-1

[Event "6th Asia-ch"]
[Site "Cebu City PHI"]
[Date "2007.09.23"]
[Round "5.21"]
[White "Alavi Sayed, Javad"]
[Black "Goh Weiming"]
[Result "1-0"]
[WhiteElo "2493"]
[BlackElo "2388"]
[EventDate "2007.09.19"]
[PlyCount "131"]

1.e4 e6 2.d4 d5 3.Nc3 Nc6 4.Be3 Bb4 5.e5 f6 6.Nf3 Bd7 7.Bd3 Qe7 8.O-O Qf7 
9.a3 Bxc3 10.bxc3 O-O-O 11.Qe2 Kb8 12.Rfb1 Nge7 13.a4 Na5 14.h3 f5 15.Bc1 
h6 16.Nd2 Nec6 17.Ba3 Ka8 18.Nb3 g5 19.Nxa5 Nxa5 20.Bb4 Nc4 21.a5 a6 22.
Bc5 Bc6 23.Rb4 Qd7 24.Rxc4 dxc4 25.Bxc4 Bb5 26.Bxb5 Qxb5 27.Qxb5 axb5 28.
Rb1 Rd5 29.Rxb5 Rhd8 30.Kf1 R5d7 31.Ke2 h5 32.Ke3 Rf7 33.c4 Rfd7 34.c3 Re8
35.Rb1 Rb8 36.Kf3 Re8 37.h4 gxh4 38.Rh1 Rg7 39.Rxh4 Rg5 40.g3 Kb8 41.Ba3 
Kc8 42.Bc1 Rg6 43.Rxh5 Kd7 44.Ba3 Reg8 45.Rh1 Rg4 46.Bb4 R8g7 47.Bf8 Rg8 
48.Rh7+ Kc6 49.Bb4 R8g7 50.Rh1 Kd7 51.Rb1 Rg8 52.Ba3 Kc6 53.Rb5 Rb8 54.Bc1
Rh8 55.Bf4 Rb8 56.Be3 Kd7 57.Ke2 Rgg8 58.d5 c6 59.Rb6 exd5 60.cxd5 cxd5 
61.Rd6+ Ke7 62.Rxd5 Rbd8 63.Rb5 Rd7 64.Bd4 Rg4 65.Kf3 Kd8 66.Rb6 1-0

[Event "6th Asia-ch"]
[Site "Cebu City PHI"]
[Date "2007.09.23"]
[Round "5.23"]
[White "Yap Kim, Steven"]
[Black "Wang Rui"]
[Result "1-0"]
[WhiteElo "2246"]
[BlackElo "2482"]
[EventDate "2007.09.19"]
[PlyCount "183"]

1.e4 e5 2.Nf3 Nc6 3.d4 exd4 4.Nxd4 Bc5 5.Nf5 Qf6 6.Nc3 Nge7 7.Be3 Bb4 8.
Nxe7 Qxe7 9.Bd3 Bxc3+ 10.bxc3 b6 11.a4 Bb7 12.Qb1 Na5 13.O-O O-O 14.Re1 
Rfe8 15.Bd2 Qe6 16.Qb5 c5 17.f3 Bc6 18.Qa6 c4 19.Bf1 Qd6 20.Be3 Qc7 21.Bf2
Re6 22.Bg3 d6 23.Red1 h5 24.h4 Rg6 25.Bf4 Qe7 26.Bg5 Qe5 27.Rd4 f6 28.f4 
Qe8 29.f5 fxg5 30.fxg6 Qxg6 31.Bxc4+ Kh8 32.Bd5 Bxd5 33.Rxd5 gxh4 34.Qd3 
Re8 35.Re1 Nb7 36.Qf3 Nc5 37.Rxh5+ Kg8 38.Rxh4 Re7 39.Qh3 Nd7 40.Rh8+ Kf7 
41.Rd8 Nf6 42.Qc8 Ne8 43.Qc4+ Qe6 44.Qd4 Kg6 45.Re3 Qe5 46.Kf2 Qg5 47.Rf3 
Qh4+ 48.Kg1 Qxe4 49.Qd3 Kh6 50.Rh3+ Kg5 51.Rg3+ Kf6 52.Rf3+ Kg5 53.Qd2+ 
Kg6 54.Rg3+ Kh7 55.Qg5 Qe1+ 56.Kh2 Qe5 57.Qh4+ Kg8 58.Qc4+ Kh7 59.Qd4 Nf6 
60.Qxe5 dxe5 61.Kg1 Rc7 62.Re3 e4 63.Rd4 Kg6 64.Kf1 Kf5 65.Ke2 Rc5 66.Kd2 
Kf4 67.g3+ Kg4 68.c4 Ra5 69.Ra3 Kh3 70.Ke2 Kg4 71.Rd1 Nh5 72.Ke3 Nf6 73.
Kd4 Kf5 74.Rb1 Kg4 75.Rb5 Ra6 76.a5 bxa5 77.Rbxa5 Rd6+ 78.Rd5 Re6 79.Re5 
Rd6+ 80.Kc5 Rd2 81.Kc6 Rxc2 82.c5 Kh3 83.Kd6 Rd2+ 84.Kc7 e3 85.Raxe3 Nd5+ 
86.Rxd5 Rxd5 87.c6 a5 88.Kb6 Rd6 89.Rc3 g5 90.Kb7 g4 91.c7 Rd7 92.Kb8 1-0

[Event "6th Asia-ch"]
[Site "Cebu City PHI"]
[Date "2007.09.23"]
[Round "5.24"]
[White "Ardeshi, Mehrdad"]
[Black "Nguyen Anh Dung"]
[Result "1/2-1/2"]
[WhiteElo "2407"]
[BlackElo "2537"]
[EventDate "2007.09.19"]
[PlyCount "30"]

1.d4 Nf6 2.Nf3 b6 3.c4 Bb7 4.Nc3 e6 5.a3 d5 6.cxd5 Nxd5 7.Qc2 Be7 8.e4 
Nxc3 9.bxc3 O-O 10.Bd3 c5 11.O-O Qc8 12.Qe2 Ba6 13.Rd1 Bxd3 14.Rxd3 Nc6 
15.Bf4 Rd8 1/2-1/2